000 00390nam a2200169Ia 4500
008 230524s9999 xx 000 0 und d
020 _a0074601423
082 _a5.133
_bGOT
100 _aB.S.Gottfried
245 0 _aProgramming with Basic
250 _a3RD
260 _aNEW DELHI
_bTMH
_c1998
300 _aXI;386
500 _aQuantity Number: 3
650 _aComp-Sc
942 _cBK
999 _c22512
_d22512